| 000 | 01153nam a2200337 i 4500 | ||
|---|---|---|---|
| 001 | bg | ||
| 100 | 1 |
_aCHIANG, Alpha C. _d(1927- ) |
|
| 245 | 1 | 0 |
_aElementy dynamicznej optymalizacji / _cAlpha C. Chiang ; [tł. Hanna Hałaburda, Piotr Kuszewski, Adam Ślawski] ; Wyższa Szkoła Handlu i Finansów Międzynarodowych. |
| 246 |
_iTyt. oryg.: _aElements of dynamic optimization |
||
| 260 |
_aWarszawa : _b"Elipsa", _c2002. |
||
| 300 |
_a323 s. : _bil. ; _c24 cm. |
||
| 500 | _aTyt. oryg.: "Elements of dynamic optimization" 1992. | ||
| 504 | _aIndeks. | ||
| 650 | 9 |
_aEkonometria _xmetody |
|
| 650 | 9 | _aOptymalizacja | |
| 650 | 9 | _aRachunek wariacyjny | |
| 650 | 9 |
_aSterowanie _xteoria |
|
| 655 | _aPodręczniki | ||
| 700 | 1 |
_aHAŁABURDA, Hanna. _eTł. |
|
| 700 | 1 |
_aKUSZEWSKI, Piotr. _eTł. |
|
| 700 | 1 |
_aŚLAWSKI, Adam. _eTł. |
|
| 710 | 0 | _aWyższa Szkoła Handlu i Finansów Międzynarodowych (Warszawa) | |
| 015 | _aPB 4145/2003 | ||
| 020 | _a8371515170 | ||
| 040 | _cBPK | ||
| 041 | 1 |
_apol _heng |
|
| 080 | _a330.43:519.7:519.86:517.97](07) | ||
| 920 | _a83-7151-517-0 | ||
| 942 | _cKS | ||
| 008 | s pl f |000 0 pol | ||
| 999 |
_c46472 _d46472 |
||
| 856 |
_uhttp://koha.tu.koszalin.pl/cgi-bin/koha/opac-detail.pl?biblionumber=46472 _yKatalog online BPK |
||